000
00326nam a22001457a 4500
020
_a
81-304-8577-6
082
_a
823
_b
SAM/G
100
_a
SAM.D.S
245
_a
CHILDREN'S GOOD NIGHT STORIES
260
_a
2008
_b
TINY TOT PUBLCIATIONS
_c
DELHI
300
_a
144
520
_a
MORAL STORY
650
_a
MORAL STORY
942
_c
BK
999
_c
6626
_d
6626